| 000 | 00471nam a2200169Ia 4500 | ||
|---|---|---|---|
| 999 |
_c28377 _d28377 |
||
| 003 | OSt | ||
| 005 | 20201111112512.0 | ||
| 008 | 190216s9999||||xx |||||||||||||| ||und|| | ||
| 040 | _coclc | ||
| 082 |
_a894.8123 _bSET/S |
||
| 100 |
_aSethunath, Girija _96458 |
||
| 245 | 0 |
_aSathi / _cGirija Sethunath |
|
| 260 |
_bGayathri Publishers, _aKottayam: _c2004. |
||
| 300 | _a164p | ||
| 650 | _aNovel | ||
| 942 |
_cBK _2ddc _h894.8123 _iSET/S _k894.8123 _mSET/S |
||